000 00621nam a22001937a 4500
999 _c4250
_d4250
003 AR-CdUCM
008 190308b ||||| |||| 00| 0 spa d
040 _aMUNICIPALIDAD PROVINCIAL DEL CUSCO
_cBIBLIOTECA MUNICIPAL DEL CUSCO
082 _a779.985 6 /
_bR74
100 _aRodriguez Arzubialde, Abel
_913439
245 _aQosqo :
_ben Flor /
260 _aCusco :
_bMunicipalidad del Cusco ,
_c1991.
300 _a87 páginas ;
_c27.5 cm.
_eFotografias
650 _aFotografia descriptiva
_913440
650 _aFotografia Artistica
_913441
650 _aFotografia Cusqueña
_913442
942 _2ddc
_cLIBROS
945 _artm